To Study Potentiality of Bala & Cauvery Varities of Paddy under Different Seed rates & Row Spacings in the Chotanagpur Plateau of Bihar (Record no. 50400)

MARC details
000 -LEADER
fixed length control field 00495nam a22001697a 4500
003 - CONTROL NUMBER IDENTIFIER
control field OSt
008 - FIXED-LENGTH DATA ELEMENTS--GENERAL INFORMATION
fixed length control field 260504b |||||||| |||| 00| 0 eng d
082 ## - DEWEY DECIMAL CLASSIFICATION NUMBER
Classification number 633.1
Item number M91S
100 ## - MAIN ENTRY--PERSONAL NAME
Personal name Murthy, N. Radhakrishna
245 ## - TITLE STATEMENT
Title To Study Potentiality of Bala & Cauvery Varities of Paddy under Different Seed rates & Row Spacings in the Chotanagpur Plateau of Bihar
260 ## - PUBLICATION, DISTRIBUTION, ETC. (IMPRINT)
Place of publication, distribution, etc Pusa,
Name of publisher, distributor, etc RAU
Date of publication, distribution, etc 1973
300 ## - PHYSICAL DESCRIPTION
Extent 106P.
502 ## - DISSERTATION NOTE
Degree type Msc.
Year degree granted 1973
650 ## - SUBJECT ADDED ENTRY--TOPICAL TERM
Topical term or geographic name as entry element Agronomy
650 ## - SUBJECT ADDED ENTRY--TOPICAL TERM
Topical term or geographic name as entry element Msc.
942 ## - ADDED ENTRY ELEMENTS (KOHA)
Source of classification or shelving scheme
Koha item type Thesis
Holdings
Withdrawn status Lost status Source of classification or shelving scheme Damaged status Not for loan Home library Current library Date acquired Total Checkouts Full call number Barcode Date last seen Bill Date Koha item type
          Dr. Rajendra Prasad Central Agricultural University Pusa, Dr. Rajendra Prasad Central Agricultural University Pusa, 04/05/2026   633.1 M91S 31429 04/05/2026 04/05/2026 Thesis
Hosted, Implemented, Customized & Maintained by: BestBookBuddies

Powered by Koha